| 000 | 00983nam a2200277 a 4500 | ||
|---|---|---|---|
| 999 |
_c2354 _d2354 |
||
| 008 | 200312s2018 ii ad||g m|||a00| 0 eng d | ||
| 040 |
_aKO _beng |
||
| 041 | 0 | _aeng | |
| 044 | _aii | ||
| 082 | 0 | 4 |
_223 _a378.242 _bIRM1717 |
| 100 | 1 |
_aS, Mahalakshmi _eResearcher |
|
| 245 | 1 | 0 |
_aPort Operations: Study of Visakhapatnam Port Trust / _cMahalakshmi S ; Guide Dr. Jayan P. A. |
| 260 |
_aKochi : _bIndian Maritime University, _c2018 |
||
| 300 |
_a80 p. : _bill., charts ; _c29 cm. |
||
| 490 | 0 |
_aMBA Internship 2017-19 ; _v1705305017 |
|
| 502 | _aInternship (MBA)–Indian Maritime University. School of Maritime Management, 2019. | ||
| 610 | 2 | 0 | _aVisakhapatnam Port Trust |
| 650 | 0 | _aPort au Port Peninsula (N.L.) | |
| 650 | 0 | _aHarbors | |
| 655 | 7 |
_2lcsh _aDissertations, Academic _y2018 |
|
| 700 | 1 |
_aP. A., Jayan _cDr. _eGuide |
|
| 856 | _uhttps://drive.google.com/file/d/12mW-joQNfy7ttMuU18S6jmCC3a2F5ZEB/view?usp=sharing | ||
| 904 | _aReshma_R | ||
| 942 | _cTH | ||